Solvable product-type system of difference equations whose associated polynomial is of the fourth order

Elmentve itt :
Bibliográfiai részletek
Szerző: Stević Stevo
Dokumentumtípus: Folyóirat
Megjelent: 2017
Sorozat:Electronic journal of qualitative theory of differential equations
Kulcsszavak:Differenciálegyenlet
Online Access:http://acta.bibl.u-szeged.hu/47677
LEADER 00698nas a2200181 i 4500
001 acta47677
005 20260224081030.0
008 170619s2017 hu o 000 eng d
022 |a 1417-3875 
040 |a SZTE Egyetemi Kiadványok Repozitórium  |b hun 
041 |a eng 
100 1 |a Stević Stevo 
245 1 0 |a Solvable product-type system of difference equations whose associated polynomial is of the fourth order  |h [elektronikus dokumentum] /  |c  Stević Stevo 
260 |c 2017 
300 |a 1-29 
490 0 |a Electronic journal of qualitative theory of differential equations 
695 |a Differenciálegyenlet 
856 4 0 |u http://acta.bibl.u-szeged.hu/47677/1/ejqtde_2017_013_001-029.pdf  |z Dokumentum-elérés